P. D. Gurley correspondence, (Record no. 44706)
[ view plain ]
| 000 -LEADER | |
|---|---|
| fixed length control field | 01182cpcaa2200277 a 4500 |
| 001 - CONTROL NUMBER | |
| control field | mm2005085202 |
| 003 - CONTROL NUMBER IDENTIFIER | |
| control field | DLC |
| 005 - DATE AND TIME OF LATEST TRANSACTION | |
| control field | 20260227111730.0 |
| 008 - FIXED-LENGTH DATA ELEMENTS--GENERAL INFORMATION | |
| fixed length control field | 050113|||||||||||| eng |
| 010 ## - LIBRARY OF CONGRESS CONTROL NUMBER | |
| LC control number | mm2005085202 |
| 040 ## - CATALOGING SOURCE | |
| Original cataloging agency | DLC |
| Transcribing agency | DLC |
| Description conventions | dacs |
| Modifying agency | DLC |
| 072 #7 - SUBJECT CATEGORY CODE | |
| Subject category code | W |
| Source | lcmd |
| 100 1# - MAIN ENTRY--PERSONAL NAME | |
| Personal name | Gurley, P. D. |
| Fuller form of name | (Phineas Densmore), |
| Dates associated with a name | 1816-1868. |
| 245 00 - TITLE STATEMENT | |
| Title | P. D. Gurley correspondence, |
| Inclusive dates | 1865. |
| 300 ## - PHYSICAL DESCRIPTION | |
| Extent | 1 |
| Type of unit | item. |
| 506 0# - RESTRICTIONS ON ACCESS NOTE | |
| Terms governing access | Open to research. |
| 520 8# - SUMMARY, ETC. | |
| Summary, etc. | ALS (1865 May 22; Washington, D.C.) from Gurley to E. Darwin Brooks of Potsdam, N.Y., concerning the death and burial of Abraham Lincoln, the attitude of the people of Springfield, Ill., toward Mary Todd Lincoln, and the trial of the Lincoln assassination conspirators. Includes stamped envelope. |
| 545 0# - BIOGRAPHICAL OR HISTORICAL DATA | |
| Biographical or historical data | Clergyman. |
| 546 ## - LANGUAGE NOTE | |
| Language note | Collection material in English. |
| 600 10 - SUBJECT ADDED ENTRY--PERSONAL NAME | |
| Personal name | Brooks, E. Darwin |
| Form subdivision | Correspondence. |
| 600 10 - SUBJECT ADDED ENTRY--PERSONAL NAME | |
| Personal name | Lincoln, Abraham, |
| Dates associated with a name | 1809-1865 |
| General subdivision | Assassination. |
| 600 10 - SUBJECT ADDED ENTRY--PERSONAL NAME | |
| Personal name | Lincoln, Mary Todd, |
| Dates associated with a name | 1818-1882. |
| 656 #7 - INDEX TERM--OCCUPATION | |
| Occupation | Clergy. |
| Source of term | itoamc |
No items available.